No era pecado... La contratación privada para la renovación del Estado

Gespeichert in:
Bibliographische Detailangaben
Körperschaft: Costa Rica. Ministerio de Planificación Nacional y Política Económica
Format: Unbekannt
Veröffentlicht: San José: MIDEPLAN
Schlagworte:
Tags: Tag hinzufügen
Keine Tags, Fügen Sie den ersten Tag hinzu!

MARC

LEADER 00000 a2200000 04500
001 10521
003
008 991231s d
040
090 |a 136609  
110 |a Costa Rica. Ministerio de Planificación Nacional y Política Económica  
245 |a No era pecado... La contratación privada para la renovación del Estado  
260 |a San José:   |b MIDEPLAN  
300 |a vi, 469 p.  
650 |a ASPECTOS JURIDICOS  
650 |a CONTRATOS PUBLICOS  
650 |a ADMINISTRACION  
650 |a SECTOR PUBLICO  
650 |a SECTOR PRIVADO  
650 |a ESTADO  
650 |a SERVICIOS PUBLICOS  
650 |a CONTROL SOCIAL  
999 |c 12034  |d 12034